[Event "4th CHN w Masters 2014"]
[Site "Wuxi CHN"]
[Date "2014.05.06"]
[Round "1.1"]
[White "Lei Tingjie"]
[Black "Shen Yang"]
[Result "1/2-1/2"]
[WhiteElo "2436"]
[BlackElo "2458"]
[EventDate "2014.05.06"]

1. d4 d5 2. c4 c6 3. cxd5 cxd5 4. Bf4 Nc6 5. e3 Nf6 6. Nc3 Bf5 7. Qb3 Na5 8.
Qa4+ Bd7 9. Qc2 e6 10. Bd3 Be7 11. h3 Rc8 12. Nf3 b5 13. a3 Nc4 14. Ne5 O-O 15.
O-O a6 16. Rfc1 Be8 17. Qe2 Nd7 18. Nxd7 Bxd7 19. a4 Qb6 20. axb5 axb5 21. b3
Na5 22. Bxb5 Bxb5 23. Nxb5 Nxb3 24. Rxc8 Rxc8 25. Rb1 Rc1+ 26. Rxc1 Nxc1 27. Qc2
h6 28. Qc8+ Kh7 29. Qc2+ Kg8 30. Qxc1 Qxb5 31. Qc8+ Kh7 32. Qc7 Qe8 33. Be5 Kg8
34. g4 Qd8 35. Qc6 Bf8 36. Kg2 Qe7 37. Qc8 Qb4 38. Qe8 Qe7 39. Qc8 Qb4 40. h4
Qe7 41. Kh3 Qb4 42. Kg3 Qe7 43. Bf4 Qb4 44. g5 hxg5 45. hxg5 Qe7 46. Kg4 Qb4 47.
Kg3 Qe7 48. Kf3 Qb4 49. Bg3 Qe7 50. Kg4 Qb4 51. Kf3 Qe7 52. Bf4 Qb4 53. g6 Qe7
54. gxf7+ Kxf7 55. Be5 Qh4 56. Qd7+ Qe7 57. Qc6 Qh4 58. Qd7+ Qe7 59. Qc6 Qh4 60.
Qd7+ 1/2-1/2

[Event "4th CHN w Masters 2014"]
[Site "Wuxi CHN"]
[Date "2014.05.06"]
[Round "1.2"]
[White "Wang Jue"]
[Black "Ni,Shiqun"]
[Result "1/2-1/2"]
[WhiteElo "2363"]
[BlackElo "2320"]
[EventDate "2014.05.06"]

1. e4 e5 2. Nf3 Nf6 3. Nxe5 d6 4. Nf3 Nxe4 5. Nc3 Nxc3 6. dxc3 Be7 7. Bf4 Nc6 8.
Qd2 Be6 9. O-O-O Qd7 10. Ng5 Bxg5 11. Bxg5 f6 12. Be3 O-O-O 13. b3 Bf5 14. f3 h5
15. Bf2 Rde8 16. Kb2 Re5 17. h3 a6 18. Be2 Rhe8 19. Rhe1 Qe7 20. Bf1 Qf7 21. g4
hxg4 22. hxg4 Bd7 23. Bc4 Be6 24. Bd3 Rxe1 25. Rxe1 Ne5 26. Be2 Bd5 27. Qd1 g5
28. Bg3 Bc6 29. Rf1 Qe7 30. Qd4 Kb8 31. Rf2 Rg8 32. a4 a5 33. Bd1 b6 34. f4 gxf4
35. Rxf4 Bd7 36. Bh4 Rg6 37. Be2 Qg7 38. Qe4 Bxg4 39. Bxg4 Rxg4 40. Bxf6 Qxf6
41. Rxg4 Nxg4 42. Qxg4 Qe5 43. Qd4 Kb7 44. Kb1 Qe1+ 45. Kb2 Qe5 46. Kb1 Qe1+ 47.
Kb2 Qe5 48. Kb1 1/2-1/2

[Event "4th CHN w Masters 2014"]
[Site "Wuxi CHN"]
[Date "2014.05.06"]
[Round "1.3"]
[White "Huang Qian"]
[Black "Zhang Xiaowen"]
[Result "1/2-1/2"]
[WhiteElo "2494"]
[BlackElo "2388"]
[EventDate "2014.05.06"]

1. Nf3 Nf6 2. g3 g6 3. Bg2 Bg7 4. O-O c5 5. d4 cxd4 6. Nxd4 Nc6 7. c4 Nxd4 8.
Qxd4 O-O 9. Nc3 d6 10. Qd2 a6 11. b3 Rb8 12. a4 Qb6 13. Rb1 Bf5 14. e4 Be6 15.
Ba3 Rfc8 16. Ne2 Qd8 17. Nf4 Bd7 18. Bb2 Bc6 19. Nd5 Nxd5 20. Bxg7 Ne3 21. Qxe3
Kxg7 22. Rfd1 Qa5 23. Rbc1 b5 24. axb5 axb5 25. c5 dxc5 26. Rxc5 Bb7 27. Rdc1
Qb4 28. Qc3+ Qxc3 29. R5xc3 Rxc3 30. Rxc3 Rc8 31. Rxc8 Bxc8 32. Bf1 Bd7 33. f4
f6 34. Kf2 e5 35. b4 1/2-1/2

[Event "4th CHN w Masters 2014"]
[Site "Wuxi CHN"]
[Date "2014.05.06"]
[Round "1.4"]
[White "Ju Wenjun"]
[Black "Tan Zhongyi"]
[Result "1/2-1/2"]
[WhiteElo "2526"]
[BlackElo "2460"]
[EventDate "2014.05.06"]

1. Nf3 Nf6 2. c4 e6 3. g3 d5 4. Bg2 dxc4 5. Qa4+ Nbd7 6. Qxc4 a6 7. Qb3 c5 8. a4
Rb8 9. a5 Bd6 10. d3 O-O 11. O-O b5 12. axb6 Nxb6 13. Qc2 Nfd5 14. Bd2 Nb4 15.
Bxb4 cxb4 16. Nd4 Bb7 17. Bxb7 Rxb7 18. Qc6 Rb8 19. Qe4 Ra8 20. Nd2 Qd7 21. N2b3
Nd5 22. Na5 Rfc8 23. Nc4 Bc5 24. Nb3 Be7 25. Qf3 Bd8 26. h4 h6 27. Kg2 Ra7 28.
Rfc1 Qe7 29. Nca5 Rxc1 30. Rxc1 Bxa5 31. Nxa5 Rc7 32. Ra1 Rc2 33. Nc4 Qa7 34.
Kg1 f5 35. e3 b3 36. Ra3 Qb7 37. Ra1 Kh7 38. Kg2 Qc8 39. e4 Nf6 40. exf5 exf5
41. Ra5 Ng4 42. Qxf5+ Qxf5 43. Rxf5 a5 44. h5 a4 45. Rf4 Nf6 46. Rf5 Ng4 47. Rf4
Nf6 48. Rf5 1/2-1/2

[Event "4th CHN w Masters 2014"]
[Site "Wuxi CHN"]
[Date "2014.05.07"]
[Round "2.2"]
[White "Tan Zhongyi"]
[Black "Zhai Mo"]
[Result "1-0"]
[WhiteElo "2460"]
[BlackElo "2303"]
[EventDate "2014.05.06"]

1. d4 Nf6 2. c4 e6 3. Nc3 Bb4 4. Nf3 d5 5. Qa4+ Nc6 6. e3 O-O 7. Qc2 Re8 8. Bd2
Bf8 9. a3 a5 10. Be2 g6 11. O-O Bg7 12. Rad1 Ne7 13. Ne5 Nd7 14. f4 c6 15. c5
Nxe5 16. fxe5 b6 17. cxb6 Qxb6 18. Na4 Qa7 19. Nc5 Rf8 20. e4 dxe4 21. Qxe4 Rb8
22. b3 Nf5 23. g4 Ne7 24. Rf3 Nd5 25. Rdf1 Nb6 26. Qe3 Nd7 27. Ne4 c5 28. Nf6+
Nxf6 29. exf6 cxd4 30. Qg5 Bh8 31. Rh3 1-0

[Event "4th CHN w Masters 2014"]
[Site "Wuxi CHN"]
[Date "2014.05.07"]
[Round "2.3"]
[White "Zhang Xiaowen"]
[Black "Ju Wenjun"]
[Result "0-1"]
[WhiteElo "2388"]
[BlackElo "2526"]
[EventDate "2014.05.06"]

1. e4 c5 2. Nf3 Nc6 3. Bb5 Nf6 4. Bxc6 dxc6 5. d3 Bg4 6. h3 Bh5 7. Qe2 Nd7 8. e5
Bxf3 9. gxf3 e6 10. f4 Be7 11. Rg1 Nf8 12. Nd2 Ng6 13. Ne4 Qb6 14. c3 O-O-O 15.
Be3 Qa6 16. d4 Qxe2+ 17. Kxe2 cxd4 18. cxd4 Rhg8 19. Ng3 Nh4 20. d5 Rxd5 21.
Bxa7 Kc7 22. Be3 Ra8 23. a3 Rb5 24. Bd4 Rb3 25. Bc3 Ra4 26. Nf1 Ng6 27. f5 exf5
28. Ne3 Nf4+ 29. Kd2 g6 30. Kc2 Rb5 31. Rgd1 Ne2 32. Rd3 Nxc3 33. Kxc3 Rxe5 34.
Rad1 b5 35. Rd7+ Kb6 36. Kb3 Ra7 37. Rxa7 Kxa7 38. Rd7+ Kb6 39. a4 Bc5 40. axb5
Bxe3 41. fxe3 Rxe3+ 42. Kb4 Re4+ 43. Kc3 Kxb5 44. Rxf7 Rh4 0-1

[Event "4th CHN w Masters 2014"]
[Site "Wuxi CHN"]
[Date "2014.05.07"]
[Round "2.4"]
[White "Ni,Shiqun"]
[Black "Huang Qian"]
[Result "1/2-1/2"]
[WhiteElo "2320"]
[BlackElo "2494"]
[EventDate "2014.05.06"]

1. e4 d5 2. exd5 Qxd5 3. Nc3 Qd6 4. d4 Nf6 5. Nf3 g6 6. Bc4 Bg7 7. O-O O-O 8.
Re1 c6 9. Ne5 e6 10. Bf4 Nd5 11. Ne4 Qb4 12. Qd2 Qxd2 13. Bxd2 f6 14. Nf3 Rd8
15. Bb3 Na6 16. c4 Ne7 17. Bc3 Kf7 18. c5 Nd5 19. Nd6+ Rxd6 20. cxd6 Bf8 21. Nd2
Bxd6 22. Ne4 Be7 23. a3 Bd7 24. Bd2 Rd8 25. Nc3 Nac7 26. Nxd5 exd5 27. Ba2 Ne6
28. Bc3 Bd6 29. f3 Nc7 30. b4 h5 31. g3 a6 32. Kf2 Nb5 33. Bb2 Bc7 34. Rad1 Bb6
35. Re2 Nd6 36. Bb3 a5 37. bxa5 Bxa5 38. a4 Bb4 39. Bc1 Bf5 40. Bf4 Rd7 41. Bxd6
Rxd6 42. Bc2 Bc8 43. h4 b6 44. Bb3 Be6 45. Ra2 Rd7 46. Ke2 Ke7 47. Bc2 Bf7 48.
g4 Kd6 49. gxh5 gxh5 50. f4 Ra7 51. Rg1 c5 52. Rg7 Re7+ 53. Kf3 cxd4 54. Rb2 Ba5
55. Rb3 Rc7 56. Bd3 Be6 57. Rxc7 Bg4+ 58. Kf2 Kxc7 59. Be2 f5 60. Rb5 Bd2 61.
Rxd5 Be3+ 62. Kf1 Bh3+ 63. Ke1 Bxf4 64. Rxd4 Bg3+ 65. Kd2 Bg4 66. Bxg4 fxg4 67.
Rd5 Bxh4 68. Rxh5 Bf2 69. Ke2 g3 70. Rg5 Kc6 1/2-1/2

[Event "4th CHN w Masters 2014"]
[Site "Wuxi CHN"]
[Date "2014.05.07"]
[Round "2.5"]
[White "Lei Tingjie"]
[Black "Wang Jue"]
[Result "1-0"]
[WhiteElo "2436"]
[BlackElo "2363"]
[EventDate "2014.05.06"]

1. d4 Nf6 2. c4 g6 3. Nc3 Bg7 4. e4 d6 5. Nf3 O-O 6. h3 e5 7. d5 a5 8. g4 Na6 9.
Be3 Nd7 10. a3 Nb6 11. Rg1 Bd7 12. Nd2 Nc5 13. Nb5 a4 14. Nc3 c6 15. g5 Rc8 16.
h4 cxd5 17. cxd5 f5 18. f3 Qe7 19. Qe2 Be8 20. O-O-O Na8 21. Kb1 Bd7 22. Bg2 Rf7
23. Rc1 Qe8 24. Rgd1 b5 25. Na2 Nb6 26. Nb4 fxe4 27. fxe4 Rf4 28. Nc6 Bxc6 29.
dxc6 Qxc6 30. Bxf4 exf4 31. e5 Qe8 32. e6 Qe7 33. Rc2 Rb8 34. Qxb5 Nbd7 35. Qe2
Ne5 36. Nc4 Nxe6 37. Nxd6 Nc7 38. Ne4 Nb5 39. Nf6+ Bxf6 40. gxf6 Qxf6 41. Bd5+
Kg7 42. Ka2 Nd6 43. Qf2 Re8 44. Rc7+ Kh6 45. Qa7 Qh8 46. Qxa4 Rf8 47. Re7 Nc8
48. Re6 Qg7 49. h5 Ng4 50. hxg6 hxg6 51. Rg1 Ne3 52. Qe4 Rf5 53. Rexg6+ 1-0

[Event "4th CHN w Masters 2014"]
[Site "Wuxi CHN"]
[Date "2014.05.08"]
[Round "3.1"]
[White "Wang Jue"]
[Black "Shen Yang"]
[Result "1-0"]
[WhiteElo "2363"]
[BlackElo "2458"]
[EventDate "2014.05.06"]

1. e4 e5 2. Nf3 Nc6 3. Bb5 Nf6 4. d3 Bc5 5. O-O Nd4 6. Nxd4 Bxd4 7. c3 Bb6 8.
Na3 c6 9. Ba4 h6 10. Nc4 Bc7 11. f4 exf4 12. e5 b5 13. Bxf4 Nd5 14. Nd6+ Bxd6
15. exd6 bxa4 16. Qe2+ Kf8 17. Rae1 Kg8 18. Be5 Ba6 19. c4 Nb6 20. Bxg7 Kxg7 21.
Qe5+ f6 22. Qg3+ Kf7 23. Re7+ Qxe7 24. dxe7 Kxe7 25. c5 Kd8 26. cxb6 axb6 27.
Qd6 Re8 28. Rxf6 Bc8 29. Rf5 Ba6 30. Kf2 Kc8 31. g4 1-0

[Event "4th CHN w Masters 2014"]
[Site "Wuxi CHN"]
[Date "2014.05.08"]
[Round "3.2"]
[White "Huang Qian"]
[Black "Lei Tingjie"]
[Result "0-1"]
[WhiteElo "2494"]
[BlackElo "2436"]
[EventDate "2014.05.06"]

1. Nf3 c5 2. c4 g6 3. Nc3 Bg7 4. e3 Nf6 5. Be2 O-O 6. O-O d5 7. d4 cxd4 8. exd4
Nc6 9. c5 Ne4 10. Be3 Bg4 11. Rc1 Rc8 12. h3 Bxf3 13. Bxf3 f5 14. Ne2 e6 15.
Bxe4 fxe4 16. Qd2 Qa5 17. Qxa5 Nxa5 18. b3 Nc6 19. f3 exf3 20. Rxf3 Rxf3 21.
gxf3 e5 22. dxe5 Bxe5 23. Rd1 d4 24. Bf2 Kf7 25. Nc1 Bf6 26. Kg2 Nb4 27. a3 Nc2
28. Nd3 Nxa3 29. f4 Nb5 30. Kf3 Rc6 31. Ra1 Ke8 32. h4 Re6 33. Ra5 a6 34. Ra1
Nc3 35. Rc1 Ne4 36. Be1 Kd7 37. Rc4 Nd6 38. cxd6 Re3+ 39. Kg2 Rxd3 40. Rc7+ Kxd6
41. Rxb7 Rd1 42. Bb4+ Ke6 43. Rxh7 Rb1 44. Ra7 Rb2+ 45. Kf1 Bxh4 46. Rxa6+ Kf5
47. Bc5 d3 48. Rd6 Rxb3 49. Kg2 Bf6 50. Kf3 d2+ 51. Be3 Bc3 52. Ke2 Rb1 53. Bxd2
Rb2 54. Rd5+ Ke4 55. Re5+ Bxe5 56. fxe5 Kxe5 57. Ke3 Rxd2 58. Kxd2 Kf4 59. Ke2
Kg3 60. Kf1 g5 61. Kg1 g4 62. Kh1 Kf2 0-1

[Event "4th CHN w Masters 2014"]
[Site "Wuxi CHN"]
[Date "2014.05.08"]
[Round "3.3"]
[White "Ju Wenjun"]
[Black "Ni,Shiqun"]
[Result "1-0"]
[WhiteElo "2526"]
[BlackElo "2320"]
[EventDate "2014.05.06"]

1. Nf3 Nf6 2. c4 g6 3. Nc3 d5 4. cxd5 Nxd5 5. Qb3 Nb6 6. d4 Bg7 7. e4 Bg4 8.
Bb5+ c6 9. Ng5 O-O 10. Be2 Bxe2 11. Nxe2 Bxd4 12. Qh3 h5 13. g4 Qd7 14. Nxd4
Qxd4 15. gxh5 Rd8 16. O-O Qh8 17. Qb3 Qf6 18. Kh1 N8d7 19. hxg6 Qxg6 20. Rg1 Kf8
21. Nxf7 Qxe4+ 22. f3 Qd5 23. Nxd8 Qxb3 24. Bh6+ Ke8 25. axb3 Kxd8 26. Rg8+ Kc7
27. Rxa8 Nxa8 28. Rxa7 Nab6 29. h4 1-0

[Event "4th CHN w Masters 2014"]
[Site "Wuxi CHN"]
[Date "2014.05.08"]
[Round "3.4"]
[White "Zhai Mo"]
[Black "Zhang Xiaowen"]
[Result "1/2-1/2"]
[WhiteElo "2303"]
[BlackElo "2388"]
[EventDate "2014.05.06"]

1. e4 e6 2. d4 d5 3. Nd2 Nf6 4. e5 Nfd7 5. f4 c5 6. c3 Nc6 7. Ndf3 Qb6 8. a3 a5
9. b3 Be7 10. h4 f5 11. Ne2 h5 12. g3 Qc7 13. Bg2 Nb6 14. dxc5 Bxc5 15. a4 Nd7
16. Nfd4 Bxd4 17. cxd4 Nb4 18. O-O Nb8 19. Ba3 N8a6 20. Rc1 Qb6 21. Nc3 Bd7 22.
Rf2 Kf7 23. Bf1 g6 24. Nb5 Kg7 25. Nd6 Bc6 26. Bb5 Rhd8 27. Rd2 Rd7 28. Rc3 Rc7
29. Qc1 Rd8 30. Kg2 Kg8 31. Kf3 Rcd7 32. Qe1 Rc7 1/2-1/2

[Event "4th CHN w Masters 2014"]
[Site "Wuxi CHN"]
[Date "2014.05.09"]
[Round "4.1"]
[White "Shen Yang"]
[Black "Tan Zhongyi"]
[Result "0-1"]
[WhiteElo "2458"]
[BlackElo "2460"]
[EventDate "2014.05.06"]

1. d4 Nf6 2. c4 e6 3. Nc3 Bb4 4. e3 d5 5. a3 Bxc3+ 6. bxc3 O-O 7. cxd5 exd5 8.
Bd3 c5 9. Ne2 b6 10. O-O cxd4 11. cxd4 Ba6 12. Bxa6 Nxa6 13. Qd3 Nc7 14. f3 Qd7
15. e4 dxe4 16. fxe4 Qb5 17. Qf3 Nxe4 18. Bf4 Rae8 19. Bxc7 Nd2 20. Qf5 Qxe2 21.
Rfe1 Qxe1+ 22. Rxe1 Rxe1+ 23. Kf2 Rf1+ 0-1

[Event "4th CHN w Masters 2014"]
[Site "Wuxi CHN"]
[Date "2014.05.09"]
[Round "4.3"]
[White "Ni,Shiqun"]
[Black "Zhai Mo"]
[Result "1-0"]
[WhiteElo "2320"]
[BlackElo "2303"]
[EventDate "2014.05.06"]

1. e4 c5 2. Nf3 d6 3. Bb5+ Nd7 4. O-O a6 5. Bd3 Ngf6 6. Re1 b5 7. c4 Ne5 8. Be2
Nxc4 9. Bxc4 bxc4 10. e5 dxe5 11. Nxe5 e6 12. Na3 Be7 13. Naxc4 Bd7 14. Nxd7
Nxd7 15. d4 cxd4 16. Qxd4 O-O 17. Bd2 Bf6 18. Qe3 Qb8 19. Rad1 Qb5 20. b3 h6 21.
Qg3 Kh8 22. Bc1 Be7 23. h3 Nf6 24. Bb2 Qg5 25. Qf3 Nd5 26. Ne5 Kg8 27. Qe4 Bb4
28. Nf3 Qh5 29. Rxd5 Qxd5 30. Qxb4 Rfc8 31. Qg4 f6 32. Bxf6 Rc7 33. Bb2 Rf8 34.
Rxe6 h5 35. Qg6 1-0

[Event "4th CHN w Masters 2014"]
[Site "Wuxi CHN"]
[Date "2014.05.09"]
[Round "4.4"]
[White "Lei Tingjie"]
[Black "Ju Wenjun"]
[Result "1/2-1/2"]
[WhiteElo "2436"]
[BlackElo "2526"]
[EventDate "2014.05.06"]

1. c4 c5 2. Nc3 Nf6 3. g3 g6 4. Nf3 Bg7 5. Bg2 Nc6 6. O-O O-O 7. d4 cxd4 8. Nxd4
Qa5 9. Nb3 Qh5 10. c5 a5 11. a4 d6 12. cxd6 Rd8 13. Nb5 exd6 14. e4 Be6 15. N3d4
Bg4 16. f3 Bh3 17. Bxh3 Qxh3 18. Ne2 Qc8 19. Nec3 d5 20. exd5 Ne7 21. d6 Nf5 22.
Kg2 Qc5 23. Qe2 Nxd6 24. Be3 Qc4 25. Rfe1 Qxe2+ 26. Rxe2 Nxb5 27. axb5 Nd5 28.
Na4 Nxe3+ 29. Rxe3 Bxb2 30. Ra2 Bd4 31. Re7 b6 32. Rc2 Rdc8 33. Rc6 Rxc6 34.
bxc6 b5 35. Rd7 bxa4 36. Rxd4 Kf8 37. c7 Ke7 38. Rd5 Rc8 39. Rxa5 Rxc7 40. Rxa4 1/2-1/2

[Event "4th CHN w Masters 2014"]
[Site "Wuxi CHN"]
[Date "2014.05.09"]
[Round "4.5"]
[White "Wang Jue"]
[Black "Huang Qian"]
[Result "0-1"]
[WhiteElo "2363"]
[BlackElo "2494"]
[EventDate "2014.05.06"]

1. e4 c5 2. Nf3 Nf6 3. e5 Nd5 4. Nc3 Nxc3 5. dxc3 Nc6 6. Bc4 e6 7. Bf4 Qb6 8. b3
Qc7 9. Qd2 h6 10. h4 b6 11. Rd1 Bb7 12. h5 a6 13. a4 Ne7 14. Nh4 Bc6 15. Qe2 Qb7
16. O-O Nd5 17. Bd2 Be7 18. Qg4 O-O-O 19. Rb1 Nc7 20. Nf3 Bxf3 21. gxf3 d6 22.
b4 dxe5 23. Be3 cxb4 24. cxb4 Rhg8 25. Rfd1 g5 26. Be2 f5 27. Qc4 f4 28. Bc1 g4
29. Rxd8+ Bxd8 30. fxg4 f3 31. Bf1 b5 32. axb5 axb5 33. Qd3 Rxg4+ 34. Kh2 Qc6
35. Bh3 e4 36. Qd4 Rh4 37. Qc5 Qxc5 38. bxc5 Rxh5 39. Be3 Bg5 40. Bxg5 Rxg5 41.
Re1 Rxc5 42. Rxe4 Kd7 43. Rd4+ Ke7 44. Rd2 Nd5 45. Kg3 Nb4 46. Bf1 Nxc2 47. Bxb5
Rxb5 48. Rxc2 Rf5 49. Rc7+ Kf6 50. Rh7 Kg6 51. Re7 e5 52. Kg4 h5+ 53. Kg3 Kf6
54. Re8 Kf7 55. Ra8 e4 56. Ra3 Kf6 57. Kh4 Ke5 58. Rb3 Kf4 59. Rb4 Rg5 60. Rb8
Rg2 61. Rf8+ Ke5 62. Re8+ Kd4 63. Rd8+ Kc4 64. Kxh5 Rxf2 65. Kg4 Rg2+ 0-1

[Event "4th CHN w Masters 2014"]
[Site "Wuxi CHN"]
[Date "2014.05.10"]
[Round "5.1"]
[White "Huang Qian"]
[Black "Shen Yang"]
[Result "0-1"]
[WhiteElo "2494"]
[BlackElo "2458"]
[EventDate "2014.05.06"]

1. d4 d5 2. Nf3 Nf6 3. c4 c6 4. Qc2 g6 5. Bf4 Bf5 6. Qb3 Qb6 7. Nbd2 Na6 8. c5
Qxb3 9. axb3 Nh5 10. Be5 f6 11. Bg3 Nxg3 12. hxg3 Bg7 13. Ra4 Nc7 14. e3 a6 15.
Be2 e5 16. dxe5 fxe5 17. e4 Bd7 18. O-O O-O-O 19. Re1 Rde8 20. Raa1 Bf6 21. Bd3
g5 22. b4 h5 23. Nf1 h4 24. gxh4 gxh4 25. Ne3 Kb8 26. Kh2 Reg8 27. Rad1 Be6 28.
Nf1 Bg4 29. Be2 Rh7 30. Ne3 Rhg7 31. Rd2 dxe4 32. Ng1 Be6 33. Bf1 Bg5 34. Nh3
Bf4+ 35. Nxf4 exf4 36. Nd1 h3 37. gxh3 Bd5 38. Nc3 Rg1 39. f3 e3 40. Rg2 R8xg2+ 0-1

[Event "4th CHN w Masters 2014"]
[Site "Wuxi CHN"]
[Date "2014.05.10"]
[Round "5.2"]
[White "Ju Wenjun"]
[Black "Wang Jue"]
[Result "1/2-1/2"]
[WhiteElo "2526"]
[BlackElo "2363"]
[EventDate "2014.05.06"]

1. Nf3 Nf6 2. c4 g6 3. b3 Bg7 4. Bb2 d6 5. g3 O-O 6. Bg2 e5 7. O-O e4 8. Ne1 Re8
9. Nc3 Nc6 10. d3 exd3 11. Nxd3 Bf5 12. Nf4 Ne4 13. Nfd5 a5 14. a3 Nxc3 15. Bxc3
Ne5 16. Qd2 c6 17. Ne3 Be6 18. Rad1 a4 19. b4 Qe7 20. b5 Rac8 21. bxc6 bxc6 22.
Qc2 d5 23. Bxe5 Bxe5 24. cxd5 cxd5 25. Qxa4 d4 26. Nd5 Qd6 27. Nb4 Bd7 28. Qb3
Rc3 29. Qb2 Rb8 30. Rd2 Be6 31. Rfd1 Qc5 32. Qa1 Bc4 33. Nd3 Bxd3 34. Rxd3 Rbb3
35. a4 Ra3 36. Qb1 Rxa4 37. Qb7 Rb4 38. Qd5 Qxd5 1/2-1/2

[Event "4th CHN w Masters 2014"]
[Site "Wuxi CHN"]
[Date "2014.05.10"]
[Round "5.3"]
[White "Zhai Mo"]
[Black "Lei Tingjie"]
[Result "0-1"]
[WhiteElo "2303"]
[BlackElo "2436"]
[EventDate "2014.05.06"]

1. e4 c5 2. Nf3 e6 3. d4 cxd4 4. Nxd4 Nc6 5. Nc3 Qc7 6. f4 Nxd4 7. Qxd4 b6 8. a4
Bb7 9. a5 Nf6 10. axb6 axb6 11. Rxa8+ Bxa8 12. Qa4 Bb7 13. Be3 Ng4 14. Bd2 Bc5
15. Ba6 O-O 16. Bxb7 Qxb7 17. Qc4 d5 18. Qe2 Nf2 19. Rf1 Nxe4 20. Nxe4 dxe4 21.
Bc3 Qd5 22. Qd2 Ra8 23. b4 Bd6 24. Kf2 Rc8 25. Rc1 Rc4 26. Kf1 h6 27. Kf2 e3+ 0-1

[Event "4th CHN w Masters 2014"]
[Site "Wuxi CHN"]
[Date "2014.05.10"]
[Round "5.5"]
[White "Tan Zhongyi"]
[Black "Zhang Xiaowen"]
[Result "1/2-1/2"]
[WhiteElo "2460"]
[BlackElo "2388"]
[EventDate "2014.05.06"]

1. d4 Nf6 2. c4 g6 3. Nc3 Bg7 4. e4 d6 5. Nf3 O-O 6. Be2 e5 7. d5 Na6 8. Nd2 c6
9. O-O Ne8 10. Rb1 c5 11. a3 f5 12. b4 Nf6 13. Nb3 cxb4 14. axb4 Nxb4 15. Ba3 a5
16. c5 dxc5 17. Nxc5 Qc7 18. N5a4 Nxe4 19. Nxe4 fxe4 20. d6 Qd8 21. Bxb4 axb4
22. Rxb4 Rf6 23. Nb6 Rxd6 24. Qb3+ Be6 25. Bc4 Ra6 26. Bxe6+ Kh8 27. Na4 Rxe6
28. Nc5 Rec6 29. Nxa6 bxa6 30. Rb8 Rc8 31. Rb1 h5 32. Rxc8 Qxc8 33. Qb8 Qxb8 34.
Rxb8+ Kh7 35. Ra8 Kh6 36. Rxa6 Kg5 37. Ra7 Bf8 38. Rf7 Bc5 39. Kf1 Bb6 40. h4+
Kh6 41. Ke2 Bc5 42. Rc7 Bb6 43. Re7 Bd4 44. Rf7 Bc5 45. Kd2 Bb6 46. g3 Bc5 47.
Kc3 e3 48. fxe3 Bxe3 49. Kd3 Bd4 50. Ke4 Bc3 51. Kd5 Bb2 52. Ke6 Bc3 53. Rf3 Bd4
54. Rb3 Kg7 55. Rb7+ Kh6 56. Kf7 g5 57. Kf6 gxh4 58. gxh4 e4+ 59. Kf5 Bf2 60.
Re7 Bxh4 61. Rxe4 Bf2 62. Re6+ Kg7 63. Re7+ Kh6 64. Re6+ Kg7 65. Rg6+ Kf7 66.
Rh6 Ke7 67. Rxh5 Kd6 68. Ke4 Kc6 69. Rh6+ Kc5 70. Rf6 Bg3 71. Rf5+ Kc6 72. Kd4
Bh4 73. Rc5+ Kb6 74. Kd5 Bf2 75. Rc6+ Kb7 76. Kd6 Bg3+ 77. Kd7 Bf4 78. Rc4 Bb8
79. Rb4+ Ka8 80. Kc6 Ba7 81. Ra4 Kb8 82. Rf4 Ka8 83. Rb4 Bb8 84. Rxb8+ 1/2-1/2

[Event "4th CHN w Masters 2014"]
[Site "Wuxi CHN"]
[Date "2014.05.12"]
[Round "6.1"]
[White "Shen Yang"]
[Black "Zhang Xiaowen"]
[Result "1/2-1/2"]
[WhiteElo "2458"]
[BlackElo "2388"]
[EventDate "2014.05.06"]

1. d4 Nf6 2. c4 g6 3. Nc3 Bg7 4. e4 d6 5. Nf3 O-O 6. Be2 e5 7. O-O Nc6 8. d5 Ne7
9. b4 c6 10. Rb1 a5 11. bxa5 c5 12. Rb5 Ne8 13. Bd2 Nc7 14. Rb2 Rxa5 15. Ne1 Ra6
16. Nd3 f5 17. f3 f4 18. Qc2 Ne8 19. Rfb1 Nf6 20. Na4 Nd7 21. Rb5 g5 22. Nf2 h5
23. Bd1 Ng6 24. Bc3 Bh6 25. R1b2 Rf7 26. Bd2 Rg7 27. Qc3 Nh4 28. Ra5 g4 29. fxg4
Nf6 30. Rxa6 bxa6 31. Rb8 Qc7 32. Ra8 Kh7 33. Qh3 Nxg2 34. Kxg2 Qb7 35. Rxc8
Qxc8 36. g5 Rxg5+ 37. Kf1 Ng4 38. Ke1 Qb7 39. Bxg4 hxg4 40. Nxg4 Qb1+ 41. Kf2
Rxg4 42. Qxg4 Qc2 43. Qd7+ Bg7 44. Qf5+ Kg8 45. Qe6+ Kh7 46. Qh3+ Kg8 47. Qe6+
Kh7 48. Qf5+ 1/2-1/2

[Event "4th CHN w Masters 2014"]
[Site "Wuxi CHN"]
[Date "2014.05.12"]
[Round "6.2"]
[White "Ni,Shiqun"]
[Black "Tan Zhongyi"]
[Result "1/2-1/2"]
[WhiteElo "2320"]
[BlackElo "2460"]
[EventDate "2014.05.06"]

1. e4 d6 2. d4 Nf6 3. Nc3 g6 4. Nf3 Bg7 5. Be2 O-O 6. O-O Nc6 7. d5 Nb8 8. Bf4
c6 9. Qd2 Bg4 10. Bh6 Bxf3 11. Bxf3 Nbd7 12. Rae1 Rc8 13. Bxg7 Kxg7 14. dxc6
bxc6 15. Re3 Qa5 16. Rd1 Rb8 17. b3 Rb4 18. Be2 Rfb8 19. Bd3 Ng4 20. Rg3 Ndf6
21. Be2 Ne5 22. h3 c5 23. f4 Ned7 24. Qe3 Nf8 25. e5 Ng8 26. exd6 exd6 27. Rxd6
Qc7 28. Qd2 Nh6 29. Bg4 Nxg4 30. hxg4 Ne6 31. f5 Rd4 32. Rxd4 cxd4 33. Ne2 Nf8
34. Qxd4+ Kg8 35. c4 Rd8 36. Qc3 Rd1+ 37. Kh2 Nd7 38. Qe3 Ne5 39. Qf4 Re1 40.
Nd4 h6 41. Nf3 g5 42. Qd4 Nxf3+ 43. gxf3 Qe7 44. Rg2 Qc7+ 1/2-1/2

[Event "4th CHN w Masters 2014"]
[Site "Wuxi CHN"]
[Date "2014.05.12"]
[Round "6.4"]
[White "Wang Jue"]
[Black "Zhai Mo"]
[Result "1-0"]
[WhiteElo "2363"]
[BlackElo "2303"]
[EventDate "2014.05.06"]

1. e4 c5 2. Nf3 Nc6 3. d4 cxd4 4. Nxd4 Qb6 5. Nb3 Nf6 6. Nc3 e6 7. Qe2 a6 8. g4
h6 9. e5 Nd5 10. Nxd5 exd5 11. Bg2 d4 12. Bd2 Be7 13. O-O-O a5 14. a4 d3 15.
Qxd3 Qxf2 16. Qd5 O-O 17. Rhf1 Qe2 18. Be4 Bb4 19. Rde1 Bxd2+ 20. Nxd2 Qxg4 21.
Qd6 Re8 22. Bd5 Nd8 23. Ne4 Qh4 24. Qc7 Ne6 25. Qc3 Rf8 26. b3 Nf4 27. Qc4 d6
28. Nxd6 Be6 29. Bxe6 fxe6 30. Re4 g5 31. Rexf4 Rxf4 32. Qxe6+ Kh8 33. Rxf4
Qxf4+ 34. Kb2 g4 35. Ne8 Qg5 36. Ka2 h5 37. Nd6 Kh7 38. Qf7+ Qg7 39. Qxh5+ Kg8
40. Nf5 Qc7 41. Qxg4+ Kh8 42. Qh4+ Kg8 43. Qg5+ Kh8 44. Qf6+ Kh7 45. Kb2 Ra6 46.
e6 b5 47. axb5 Rb6 48. Ne7 1-0

[Event "4th CHN w Masters 2014"]
[Site "Wuxi CHN"]
[Date "2014.05.12"]
[Round "6.5"]
[White "Huang Qian"]
[Black "Ju Wenjun"]
[Result "1/2-1/2"]
[WhiteElo "2494"]
[BlackElo "2526"]
[EventDate "2014.05.06"]

1. c4 Nf6 2. Nf3 c5 3. g3 g6 4. b3 b6 5. Bb2 Bg7 6. Bg2 Bb7 7. O-O O-O 8. d4
cxd4 9. Bxd4 d6 10. Bb2 Nbd7 11. Nc3 Ne4 12. Qc2 Nxc3 13. Bxc3 Bxc3 14. Qxc3 Nf6
15. Rfd1 Qc7 16. Rac1 Rac8 17. Qe3 Rfe8 18. h3 Kg7 19. Qd4 a6 20. g4 h6 21. Qb2
Be4 22. Ne1 Qb7 23. Qd4 Bxg2 24. Nxg2 b5 25. Ne3 bxc4 26. Rxc4 Rxc4 27. Nxc4 Rc8
28. Ne3 Qb5 29. Qd3 Qa5 30. Qd2 Qxd2 31. Rxd2 Ne4 32. Rd4 Rc1+ 33. Kg2 Nc3 34.
Rd2 Ra1 35. Nd5 Nxd5 36. Rxd5 Rxa2 37. e3 Ra3 38. b4 Ra4 39. Rd4 Kf6 40. h4 Ke6
41. g5 h5 42. Kf3 Kd7 43. Rf4 a5 44. Rxf7 Rxb4 45. Kg3 Rb8 46. Rf4 Ra8 47. Ra4
Kc6 48. f4 e5 49. Kf3 Kb5 50. Ra1 exf4 51. exf4 a4 52. f5 gxf5 53. Kf4 a3 54. g6
a2 55. Kg5 f4 56. Kxh5 f3 57. g7 f2 58. Kg6 Kb4 59. h5 Kb3 60. h6 Kb2 61. h7
Kxa1 62. h8=Q Rg8 63. Qh1+ Kb2 64. Qb7+ Kc2 65. Qc6+ Kb2 66. Qb6+ Kc1 67. Qc6+
Kb2 68. Qb5+ Kc2 69. Qc4+ Kb2 70. Qb4+ Kc2 71. Qc4+ Kb2 72. Qe2+ Kb3 73. Qb5+
Kc2 74. Qf1 Kb3 75. Kh7 Ra8 76. g8=Q+ Rxg8 77. Kxg8 d5 78. Kf7 d4 79. Ke6 d3 80.
Qxd3+ Kb2 81. Qe2+ Kb1 82. Qxf2 1/2-1/2

[Event "4th CHN w Masters 2014"]
[Site "Wuxi CHN"]
[Date "2014.05.13"]
[Round "7.1"]
[White "Ju Wenjun"]
[Black "Shen Yang"]
[Result "1-0"]
[WhiteElo "2526"]
[BlackElo "2458"]
[EventDate "2014.05.06"]

1. Nf3 d5 2. g3 c6 3. Bg2 Bg4 4. O-O e6 5. c4 Bd6 6. cxd5 Bxf3 7. Bxf3 cxd5 8.
e4 dxe4 9. Bxe4 Nc6 10. d4 Nf6 11. Bg2 O-O 12. Nc3 Qa5 13. d5 exd5 14. Nxd5 Nxd5
15. Qxd5 Be5 16. Be3 Rfd8 17. Qxa5 Nxa5 18. Rac1 Nc6 19. Bxc6 bxc6 20. b3 Rdc8
21. Rc4 a5 22. Rd1 Ra6 23. Rd7 h6 24. Rg4 Rb8 25. Re4 Bf6 26. Rg4 Be5 27. Re4
Bf6 28. Bc5 Rb5 29. Re8+ Kh7 30. Bf8 Kg6 31. Rc8 a4 32. b4 a3 33. Rcc7 Be5 34.
Ra7 Rxa7 35. Rxa7 Bc3 36. Ra4 Kf5 37. Kf1 Ke6 38. Ke2 Bb2 39. Bc5 Rb7 40. Ra8
Rd7 41. Rc8 Kd5 42. Kd3 h5 43. Re8 Bf6 44. f3 g6 45. Re4 Bb2 46. Re2 Bf6 47. Re3
Bb2 48. Re4 f5 49. Re8 Be5 50. Rg8 Bg7 51. Ra8 Bb2 52. Ra6 Rb7 53. Ra5 Rd7 54.
Be3+ Ke6+ 55. Kc4 Rb7 56. Ra6 Kd6 57. Bc5+ Kd7 58. Ra8 Bc1 59. Rg8 g5 60. Rh8 h4
61. gxh4 gxh4 62. Rxh4 Ke6 63. Rd4 Rh7 64. Rd6+ Ke5 65. Rxc6 Kf4 66. Bd6+ Kxf3
67. b5 f4 68. b6 Be3 69. Rc7 Rxh2 70. b7 Ba7 71. Bc5 Rc2+ 72. Kd3 Bb8 73. Rc8
Rxa2 74. Rxb8 Rb2 75. Bxa3 Rb3+ 76. Kc4 1-0